1981 1278 1849 1957 1221 1087 1946 1662 1678 1694 1554 1698 1756 1687 1028 1870 1940 1195 1971 1116 1986 1730 1215 1581 1278 1867 1975 1858 1068 1105 1132 1105 1122 1860 1453 1284 1180 1368 1406 1288 1225 1516 1721 1929 1919 1886 1008 1123 1291 1224 1960 1182 1523 1535 1500 1613 1980 1924 1501 1489 1887 1471 1365 1025 1577 1399 1758 1676 1131 1209 1035 1357 1950 1715 1133 1871 1579 1914 1937 1600 1188 1050 1580 1227 1939 1343 1258 1989 1981 1659 1908 1133 1873 1431 1987 1323 1029 1121 1100 BCNSPRNW ULIB Ver.6.0+V

เปลี่ยนเป็นภาษาไทย

Change to English
 แสดงรายละเอียดบรรณานุกรม
  กลับหน้าหลัก

Brief Record : Get Marc (ISO 2709) : E-mail record : QR code < ปิดหน้าต่าง
LEADER : 00000nam 2200000uu 4500
001    13399127089
003     ULIB
008    191010s2560||||th 000 0 tha d
020    ^a9786162321610
060    ^aWS103^bฌ-ด
100    ^aเฌอ
245    ^aดอกไม้บานรับเปิดเทอม นิทานคำสอนของพ่อ (หลวง) ชุดที่ 1 เล่ม 3 (สองภาษา ไทย-อังกฤษ)
250    ^aพิมพ์ครั้งที่ 1
260    ^aกรุงเทพฯ :^bบริษัท บีเวล พับลิชชิ่ง จำกัด,^c2560
300    ^a12 หน้า;^b19 ซม.
650    ^aเด็ก^xการเรียนการสอน
945    ^p35^l0^i006277
999    ^aประนอม เกษจรัล
รายการนี้ยังไม่มีแท็ก
คุณยังไม่ได้ล็อกอิน คุณสามารถมีกิจกรรมร่วมกับเว็บไซต์ได้ แต่ต้องล็อกอินก่อน ::
  ล็อกอิน

รายการสื่อสารสนเทศ

ลำดับที่ ประเภท เลขเรียก/บาร์โค้ด สถานที่ สถานะ
1. วิทยาศาสตร์การแพทย์ และสุขภาพ
วิทยาศาสตร์การแพทย์ และสุขภาพ
WS103 ฌ-ด ฉ.1 
  Barcode: 006277
ห้องสมุดวิทยาเขตสวรรค์ประชารักษ์
►หนังสือทั่วไป
บนชั้น

รายการใกล้เคียง
    ผู้แต่ง [เฌอ]

BibComment


ยังไม่เคยถูกคอมเมนท์

คอมเมนท์ทรัพยากรรายการนี้
  คอมเมนท์: ดอกไม้บานรับเปิด..


 Copyright 2026. Bcnsprnw @Library